| 000 | 00412nam a2200157Ia 4500 | ||
|---|---|---|---|
| 008 | 230711s9999||||xx |||||||||||||| ||und|| | ||
| 041 | _aENG | ||
| 082 |
_a621.317 _bGO-D |
||
| 100 | _aGopal,M | ||
| 245 | 0 | _aDigital control and state variables methods | |
| 250 | _a2nd . Ed. | ||
| 260 |
_c2003 _aNew Delhi _bTata McGraw Hill Education Limited |
||
| 300 | _a998 | ||
| 650 | _aElectrical Engineering | ||
| 942 | _cBK | ||
| 999 |
_c4461 _d4461 |
||